Quick Pick: Real or Fake Snakes Quiz Stats

 Plays Quiz Updated Dec 12, 2017

Challenge
Share
Tweet
Embed
Score 0/10 Timer 01:00
1 Play Today
% Correct
Corn Snake
90.4%
Spitting Cobra
89.3%
Ball Python
86.1%
Tiger Snake
85.1%
Moccasin Snake
81.2%
Many-Horned Adder
65.3%
Worm Snake
63.2%
Yellow-Lipped Sea Krait
61.4%
Small-Eyed Snake
45.8%
Gray Cat Snake
42.3%

Today's Daily Dose

You're not logged in!

Compare scores with friends on all Sporcle quizzes.
OR
Log In

You Might Also Like...

Show Comments

Extras

Top Quizzes Today


Score Distribution

Your Account Isn't Verified!

In order to create a playlist on Sporcle, you need to verify the email address you used during registration. Go to your Sporcle Settings to finish the process.

Report this User

Report this user for behavior that violates our Community Guidelines.

Details: